AFL Melbourne Demons Player Numbers - Statistics

General Stats
  • This quiz has been taken 15 times
  • The average score is 24 of 44
Answer Stats
Hint Answer % Correct
Jacob Van Rooyen 2
100%
Caleb Windsor 6
91%
Jack Viney 7
91%
Steven May 1
82%
Max Gawn 11
82%
Harrison Petty 35
82%
Jake Lever 8
82%
Jack Steele 9
82%
Daniel Turner 10
73%
Christian Salem 3
73%
Bailey Fritsch 31
73%
Kysaiah Pickett 36
73%
Ed Langdon 15
64%
Jake Bowey 17
64%
Trent Rivers 24
64%
Tom McDonald 25
64%
Tom Sparrow 32
64%
Latrelle Pickett 33
64%
Harvey Langford 4
64%
Xavier Lindsay 5
64%
Koltyn Tholstrup 12
55%
Jake Melksham 18
55%
Blake Howes 22
55%
Kade Chandler 37
55%
Jai Culleyy 13
45%
Changkuoth Jiath 14
45%
Thomas Matthews 20
45%
Shane McAdam 23
45%
Brody Mihocek 28
45%
Bailey Laurie 16
36%
Xavier Taylor 19
36%
Matthew Jeffersonn 21
36%
Harry Sharp 30
36%
Ricky Mentha 39
36%
Aidan Johnson 42
36%
Jed Adams 26
27%
Max Heath 27
27%
Tom Campbell 29
27%
Jack Henderson 43
27%
Andy Moniz-Wakefield 45
27%
Kalani White 34
18%
Oscae Berry 38
18%
Riley Onley 40
18%
Luker Kentfield 44
18%
No matching quizzes found
Score Distribution
Percent of People with Each Score
Percentile by Number Answered
Your Score History
You have not taken this quiz